| 000 | 00863 a2200205 4500 | ||
|---|---|---|---|
| 001 | 54211 | ||
| 005 | 20260407155812.0 | ||
| 008 | 260407a1955 arg spa d | ||
| 003 | AR-UNSa-BCEJYS | ||
| 040 |
_aAR-UNSa-BCEJYS _bspa _cAR-UNSa-BCEJYS |
||
| 080 |
_a336.74 _xMoneda. Sistema monetario |
||
| 245 | 1 | 0 |
_aEl peso argentino _psu valor interno desde la creación del Banco Central |
| 264 | 1 |
_aBuenos Aires : _bRaigal _c1955 |
|
| 300 |
_a218 p. _c20 cm. |
||
| 505 | _a1. Bosquejo histórico - 2. Consideraciones sobre el régimen legal de la moneda argentina - 3. Algunos factores preponderantes en la economía de nuestro país bajo el régimen del Banco Central - 4. Valor interno del peso argentino - 5. La renta nacional - 6. Conclusiones | ||
| 041 | _aspa | ||
| 942 | _cBK | ||
| 590 | _aniveau_biblio:m niveau_hierar:0 | ||
| 100 | 1 | _aBerdou, Ernesto Pedro | |
| 999 |
_c5382 _d5382 |
||